000
00272nam a22001217a 4500
020
_a
978-81-7963-875-0
082
_a
823
_b
VAS/N
100
_a
VAS, KIRIN
245
_a
NEW RIDDLES FOR KIDS
260
_a
MUMBAI
_b
SHREE BOOK CENTRE
650
_a
RIDDLES
_z
MUMBAI
942
_c
BK
999
_c
6091
_d
6091